[Event "Plock op rapid"]
[Site "Plock"]
[Date "1994.??.??"]
[Round "6"]
[White "Maciejewski, Miroslaw"]
[Black "Moroz, Alexander"]
[Result "0-1"]
[WhiteElo "2395"]
[BlackElo "2450"]

1.e4 c5 2.Nf3 Nc6 3.Bb5 e6 4.O-O Nge7 5.c3 a6 6.Ba4 c4 7.Re1 Qc7 8.Bc2 Ng6
9.b3 b5 10.a4 Rb8 11.d3 cxd3 12.Bxd3 Bd6 13.axb5 axb5 14.Na3 Ba6 15.Nc2 Bc8
16.Ncd4 Nxd4 17.cxd4 O-O 18.Qe2 Bb4 19.Bd2 Nf4 20.Bxf4 Qxf4 21.Rec1 Bb7 22.Ne5 Rfc8
23.Rxc8+ Rxc8 24.g3 Rc1+ 25.Kg2 Qh6 26.Rxc1 Qxc1 27.Qh5 g6 28.Qh4 Qc8 29.Qf6 Qf8  0-1

[Event "POL-ch U20"]
[Site "?"]
[Date "1994.??.??"]
[Round "1"]
[White "Dobrowolski, Piotr"]
[Black "Swol, Michal"]
[Result "1-0"]
[WhiteElo "2320"]
[BlackElo "2310"]

1.e4 c5 2.Nf3 Nc6 3.Bb5 e6 4.O-O Nge7 5.Nc3 a6 6.Bxc6 Nxc6 7.d4 cxd4 8.Nxd4 d6
9.Re1 Be7 10.Nxc6 bxc6 11.Qg4 Kf8 12.e5 d5 13.Ne2 c5 14.c4 d4 15.Ng3 h6 16.Ne4 Bb7
17.h4 h5 18.Qf4 Bxe4 19.Rxe4 Rb8 20.b3 a5 21.Rb1 g6 22.a3 g5 23.hxg5 Rg8
24.Qh2 d3 25.Be3 d2 26.Rd1 Rxb3 27.Qxh5 Qd3 28.Rf4 Qg6 29.Qf3 Rxa3 30.Rf6 Bxf6
31.exf6 Rxe3 32.Qa8+  1-0

[Event "POL-ch U20"]
[Site "?"]
[Date "1994.??.??"]
[Round "3"]
[White "Dobrowolski, Piotr"]
[Black "Murawski, Grzegorz"]
[Result "1-0"]
[WhiteElo "2320"]
[BlackElo "2210"]

1.e4 c5 2.Nf3 Nc6 3.Bb5 d6 4.d4 cxd4 5.Qxd4 Bd7 6.Bxc6 Bxc6 7.Nc3 Nf6 8.Bg5 h6
9.Bh4 g5 10.Bg3 Bg7 11.O-O-O Qa5 12.Qd3 Nd7 13.Nd4 O-O-O 14.Kb1 Nc5 15.Qe3 Qb6
16.e5 Ne6 17.Nxc6 bxc6 18.Qxb6 axb6 19.exd6 Bxc3 20.bxc3 exd6 21.Bxd6 Rd7
22.Be5 Rhd8 23.Kc1 Rd5 24.Rhe1 R8d7 25.Bg3 Rxd1+ 26.Rxd1 Rxd1+ 27.Kxd1 Kd7
28.f3 f5 29.Be5 c5 30.c4 Nd8 31.g4 Nf7 32.Bg7 Ke6 33.Ke2 Nd6 34.Kd3 Ne8 35.Bxh6 Kf6
36.f4 gxf4 37.Bxf4 fxg4 38.Ke4 Ke6 39.Be5 Ke7 40.Kf5  1-0

[Event "Wisla op (Women)"]
[Site "Poland"]
[Date "1994.??.??"]
[Round "?"]
[White "Erenska Radzewska, Hanna"]
[Black "Ciuksyte, Dagne"]
[Result "1-0"]
[WhiteElo "2200"]
[BlackElo "2095"]

1.e4 c5 2.Nf3 Nc6 3.Bb5 Nf6 4.Bxc6 dxc6 5.d3 g6 6.O-O Bg7 7.h3 O-O 8.Nc3 Qc7
9.Be3 b6 10.Qd2 Rd8 11.Bf4 Qd7 12.Bh6 Qc7 13.Qg5 Nh5 14.Bxg7 Kxg7 15.e5 h6
16.Qh4 Be6 17.Rfe1 b5 18.Re3 Qb6 19.Ne2 Kh7 20.g4  1-0

[Event "Polanica Zdroj op"]
[Site "Polanica Zdroj"]
[Date "1994.??.??"]
[Round "?"]
[White "Dmitriev, Igor"]
[Black "Banasik, Henryk"]
[Result "1-0"]
[WhiteElo "2455"]
[BlackElo "2195"]

1.e4 c5 2.Nf3 Nc6 3.Bb5 e6 4.O-O Nge7 5.b3 d6 6.d4 cxd4 7.Nxd4 a6 8.Nxc6 bxc6
9.Bd3 Ng6 10.Nd2 Be7 11.f4 e5 12.f5 Nf4 13.Nf3 g5 14.Kh1 g4 15.Ng1 h5 16.Ne2 Nxe2
17.Qxe2 Bg5 18.Be3 Rg8 19.Rad1 Be7 20.Bc4 Qc7 21.b4 Bf8 22.a4 Rb8 23.c3 a5
24.b5 c5 25.Bf2 Be7 26.Qa2 Bf6 27.Rxd6 Qxd6 28.Bxf7+ Kf8 29.Bxg8 Rb7 30.Qc4 h4
31.Bxc5  1-0

[Event "POR-ch"]
[Site "?"]
[Date "1994.??.??"]
[Round "8"]
[White "Ribeiro, Fernando"]
[Black "Pereira, Alvaro"]
[Result "1-0"]
[WhiteElo "2200"]
[BlackElo "2280"]

1.e4 c5 2.Nf3 Nc6 3.Bb5 g6 4.Bxc6 dxc6 5.h3 Bg7 6.O-O e5 7.d3 Ne7 8.Be3 b6
9.a4 a5 10.Na3 O-O 11.Nc4 f6 12.Qd2 Be6 13.b3 Kh8 14.Rae1 Qc7 15.Kh2 g5 16.Ng1 Ng6
17.Ne2 Rf7 18.Ng3 Bf8 19.Qc1 Be7 20.Bd2 Rg8 21.Ne3 h5 22.Ngf5 Rh7 23.g3 Bd8
24.Bc3 h4 25.g4 Nf4 26.Qd1 Qd7 27.Nc4 Bc7 28.Bd2 Ng6 29.Qf3 Nf4 30.Rb1 Qf7
31.Rfd1 Bxf5 32.gxf5 Qh5 33.Qxh5 Nxh5 34.Rg1 Rd7 35.Ne3 Rf7 36.Ng4 Kh7 37.Be3 Rd8
38.Rgd1 Kg7 39.Kg2 Rfd7 40.Kf3 Kf7 41.Nh2 Nf4 42.Bxf4 exf4 43.Ng4 Rb8 44.Ke2 b5
45.c3 Be5 46.axb5 Bxc3 47.bxc6 Rc7 48.Rdc1 Bd4 49.Rc4 Rxc6 50.Kd2 Rb4 51.Rcc1 Ra6
52.Re1 a4 53.bxa4 Raxa4 54.Ke2 Ra2+ 55.Kf3 Rd2 56.Rbd1 Rbb2 57.Rxd2 Rxd2
58.e5 fxe5 59.Rb1 Rxd3+ 60.Ke4 Rxh3 61.Rb7+ Kf8 62.f6 Ra3 63.Rb8+ Kf7 64.Kf5  1-0

[Event "POR-chT"]
[Site "?"]
[Date "1994.??.??"]
[Round "?"]
[White "Fernandes, Alberto"]
[Black "Frois, Antonio"]
[Result "1/2-1/2"]
[WhiteElo "2220"]
[BlackElo "2385"]

1.e4 c5 2.Nf3 Nc6 3.Bb5 g6 4.O-O Bg7 5.c3 Nf6 6.Qe2 O-O 7.Rd1 Qb6 8.a4 a6
9.Bxc6 Qxc6 10.e5 Nd5 11.d4 cxd4 12.Nxd4 Qc7 13.Nf3 Qc6 14.Na3 b6 15.Bg5 Re8
16.Rd4 Nc7 17.Rad1 Ne6 18.Rc4 Qb7 19.Be3 Rb8 20.Rb4 Qc6 21.Qc4 b5 22.Qe2 Qa8
23.axb5 axb5 24.Rxb5 Ba6 25.Rxb8 Rxb8 26.Qd2 Bb7 27.Ne1 Bxe5 28.Nc4 Bc7 29.b4 Qa6
30.Nb2 d5 31.Nf3 Rc8 32.Nd3 Bd6 33.Nd4 Nxd4 34.Bxd4 f6 35.Nc5 Qc6 36.Nxb7 Qxb7
37.f4 Qc6 38.Re1 Re8 39.Qe3 Qd7 40.g3 e5 41.Bc5 Bb8 42.fxe5 fxe5 43.Qd2 Ba7
44.Qf2 Bxc5 45.Qxc5 Rc8 46.Qb6 Rxc3 47.Qb8+ Rc8 48.Qxe5 d4 49.Rd1 d3 50.Rxd3 Rc1+
51.Kg2 Rc2+ 52.Kg1 Qxd3  1/2-1/2

[Event "CRO-ch"]
[Site "Porec"]
[Date "1994.??.??"]
[Round "?"]
[White "Vadla, Zeljko"]
[Black "Fercec, Nenad"]
[Result "1/2-1/2"]
[WhiteElo "2245"]
[BlackElo "2385"]

1.e4 c5 2.Nf3 Nc6 3.Bb5 d6 4.O-O a6 5.Bxc6+ bxc6 6.h3 e5 7.d3 Be7 8.c3 g5
9.d4 cxd4 10.cxd4 f6 11.dxe5 dxe5 12.Qa4 Qc7 13.Be3 h5 14.Nfd2 Nh6 15.Nc3 Bd7
16.Nc4 Kf7 17.Nb6 Rab8 18.Nxd7 Qxd7 19.Rfd1 Qe6 20.Rd2 g4 21.h4 g3 22.f3 f5
23.Bg5 Bc5+ 24.Kf1 Bd4 25.Rad1 c5 26.Bxh6 Rxh6 27.exf5 Qxf5 28.Ne4 Kg8 29.b3 Qf4
30.Qc4+ Kh8 31.Re1 Qxh4 32.Ke2 Qe7 33.Kd1 Rb4 34.Qd5 Qe6 35.Qd8+ Qg8 36.Qe7 Qg7
37.Qd8+ Qg8 38.Qe7 Qg7 39.Qd8+ Kh7 40.Ng5+ Kg6 41.f4 Rh8 42.Qd5 Qf6 43.Ne4 Qf5
44.Qd6+ Kg7 45.Qe7+ Qf7 46.Qg5+ Qg6 47.Qe7+ Qf7 48.Qg5+ Qg6  1/2-1/2

[Event "CRO-ch (Women)"]
[Site "Porec"]
[Date "1994.??.??"]
[Round "?"]
[White "Poljak, Srebrenka"]
[Black "Zelic, Marina"]
[Result "0-1"]
[WhiteElo "2030"]
[BlackElo "2050"]

1.e4 c5 2.Nf3 Nc6 3.Bb5 g6 4.O-O Bg7 5.Re1 e5 6.Bxc6 dxc6 7.b4 cxb4 8.a3 c5
9.axb4 cxb4 10.c3 Ne7 11.Qa4+ Nc6 12.cxb4 O-O 13.Bb2 Bg4 14.Re3 Bh6 15.Rea3 Bxf3
16.Rxf3 Nd4 17.Rh3 Bf4 18.Qd1 Qb6 19.Nc3 Bg5 20.Nd5 Qd6 21.Rd3 f5 22.f3 a6
23.Bxd4 exd4 24.Rxd4 Qe5 25.Rc4 fxe4 26.fxe4 b5 27.Rc7 Qxe4 28.Qb3 Qd4+ 29.Ne3+ Kh8
30.Rac1 Qxd2 31.Qc3+ Qxc3 32.R1xc3 Rae8 33.Nc2 Rd8 34.h3 Rd1+ 35.Kh2 Bf4+
36.g3 Bxc7 37.Rxc7  0-1

[Event "Portoroz op"]
[Site "Portoroz"]
[Date "1994.??.??"]
[Round "?"]
[White "Zecevic, Dean"]
[Black "Kozul, Zdenko"]
[Result "0-1"]
[WhiteElo "2345"]
[BlackElo "2575"]

1.e4 c5 2.Nf3 Nc6 3.Bb5 g6 4.O-O Bg7 5.Nc3 Nd4 6.a4 b6 7.d3 Bb7 8.Bf4 Nf6
9.Bc4 O-O 10.Nxd4 cxd4 11.Nd5 Nxd5 12.exd5 e5 13.dxe6 dxe6 14.Re1 Rc8 15.f3 Rc5
16.Qd2 g5 17.Bg3 h5 18.h3 Kh7 19.a5 g4 20.fxg4 hxg4 21.h4 b5 22.Qb4 Rf5 23.a6 Ba8
24.Bb3 Bh6 25.Qd6 Be3+ 26.Kh2 Rf2 27.Rg1 Qxd6 28.Bxd6 Rd8 29.Be7 Bf4+ 30.Kh1 Rg8
31.Rae1 g3  0-1

[Event "CZE-ch playoff"]
[Site "Prague"]
[Date "1994.??.??"]
[Round "3"]
[White "Jansa, Vlastimil"]
[Black "Hracek, Zbynek"]
[Result "0-1"]
[WhiteElo "2515"]
[BlackElo "2510"]

1.e4 c5 2.Nf3 Nc6 3.Bb5 d6 4.O-O Bd7 5.Re1 Nf6 6.c3 a6 7.Ba4 c4 8.Bc2 Bg4
9.h3 Bh5 10.b3 cxb3 11.axb3 e6 12.d4 d5 13.e5 Nd7 14.Nbd2 b5 15.Nf1 Bxf3
16.Qxf3 b4 17.Bb2 bxc3 18.Bxc3 Bb4 19.Bxb4 Nxb4 20.Bb1 Rc8 21.Ng3 Qh4 22.Qe3 Nb8
23.Bd3 O-O 24.Ne2 Rc6 25.Rac1 Rfc8 26.Qd2 Rxc1 27.Rxc1 Rxc1+ 28.Qxc1 Qxf2+
29.Kxf2 Nxd3+ 30.Ke3 Nxc1 31.Nxc1 Nc6 32.Nd3 a5 33.g4 f6 34.exf6 gxf6 35.Nf4 Kf7
36.h4 h6 37.Kd3 Nb4+ 38.Kc3 e5 39.Ne2 Nc6 40.dxe5 fxe5 41.Kd3 Ke6 42.Ke3 Ne7
43.Ng3 Ng6 44.Nf5 h5 45.Ng7+ Kf7 46.Nxh5 Nxh4 47.Ng3 Kf6 48.Nf1 Ng6 49.Nd2 Nf4
50.Nf3 Ne6 51.Nd2 e4  0-1

[Event "Praha Mladi"]
[Site "Prague"]
[Date "1994.??.??"]
[Round "6"]
[White "Nishimura, Hiroyuki"]
[Black "Koerholz, Ludger"]
[Result "0-1"]
[WhiteElo "2270"]
[BlackElo "2320"]

1.e4 c5 2.Nf3 Nc6 3.Bb5 g6 4.O-O Bg7 5.c3 Nf6 6.d4 Nxe4 7.d5 Nd6 8.Na3 a6
9.Bd3 Na7 10.Bf4 O-O 11.Bxd6 exd6 12.Nc4 b5 13.Nxd6 Qb6 14.Nxc8 Nxc8 15.Re1 Qd6
16.Qe2 Nb6 17.Rad1 Rac8 18.Bb1 Rfd8 19.Ng5 Qf8 20.h4 Re8 21.Qf3 Nc4 22.b3 Nd2
23.Qh3 Rxe1+ 24.Rxe1 Re8 25.Rd1 Qd6 26.Bd3 c4 27.bxc4 bxc4 28.Bf1 Nxf1 29.Kxf1 h6
30.Nf3 Bxc3 31.Qg4 Rc8 32.h5 Bg7 33.hxg6 fxg6 34.Nh4 Kh7 35.Qe4 c3 36.Qc2 Rb8
37.Rb1 Rc8 38.Kg1 Rc4 39.g3 Rd4 40.Kg2 Rd2  0-1

[Event "Pula PCA op"]
[Site "Pula"]
[Date "1994.??.??"]
[Round "?"]
[White "Sax, Gyula"]
[Black "Hulak, Krunoslav"]
[Result "1/2-1/2"]
[WhiteElo "2520"]
[BlackElo "2530"]

1.e4 c5 2.Nf3 Nc6 3.Bb5 g6 4.Bxc6 dxc6 5.d3 Bg7 6.Nc3 Nf6 7.Be3 b6 8.h3 Nd7
9.Qd2 e5 10.Bh6 Bxh6 11.Qxh6 Qe7 12.Nh2 Qf8 13.Qh4 Qe7 14.Qh6 Qf8 15.Qh4  1/2-1/2

[Event "Pula PCA op"]
[Site "Pula"]
[Date "1994.??.??"]
[Round "?"]
[White "Loncar, Robert"]
[Black "Popovic, Ivo"]
[Result "1-0"]
[WhiteElo "2430"]
[BlackElo "2195"]

1.e4 c5 2.Nf3 Nc6 3.Bb5 e6 4.O-O Nge7 5.b3 a6 6.Bxc6 Nxc6 7.Bb2 d6 8.d4 cxd4
9.Nxd4 Be7 10.Nxc6 bxc6 11.Bxg7 Rg8 12.Bb2 e5 13.Kh1 Bg5 14.Bc1 Qf6 15.Bxg5 Rxg5
16.Nd2 Qg6 17.Qf3 Ke7 18.Rfe1 Bg4 19.Qe3 Bd7 20.g3 Rh5 21.Nf1 Rg8 22.Rad1 Rh3
23.c4 Qh5 24.c5 d5 25.exd5 f6 26.Kg1 Rh4 27.Qd3 Kf7 28.Qxa6 Bh3 29.Qe2 Bg4
30.Qc2 Bf3 31.dxc6 Bxc6 32.Rd6 Qf3 33.Rxc6 Qxc6 34.Rd1 Rd4 35.Rxd4 exd4 36.Qc4+ Kg7
37.Qxd4 Re8 38.Ne3 Re5 39.b4 Re4 40.Qc3 Qd7 41.c6 Qc8 42.b5 Re5 43.a4 Qc7
44.Qd3 Kf8 45.Qa3+ Ke8 46.Qb4 Kf7 47.Qb1 Kg7 48.b6 Qxc6 49.b7  1-0

[Event "CRO-Cup"]
[Site "Pula"]
[Date "1994.??.??"]
[Round "3"]
[White "Orak, Ljubomir"]
[Black "Gracin, Damir"]
[Result "1/2-1/2"]
[WhiteElo "2355"]
[BlackElo "2270"]

1.e4 c5 2.Nf3 Nc6 3.Bb5 a6 4.Bxc6 dxc6 5.h3 g6 6.O-O Bg7 7.d3 Nf6 8.Nc3 Qc7
9.a4 b6 10.a5 b5 11.e5 Nd7 12.e6 fxe6 13.Ng5 Nf6 14.Qe2 e5  1/2-1/2

[Event "ROM-chT"]
[Site "ROM"]
[Date "1994.??.??"]
[Round "?"]
[White "Peptan, Corina"]
[Black "Susterman, Anja"]
[Result "1-0"]
[WhiteElo "2265"]
[BlackElo "2215"]

1.e4 c5 2.Nf3 Nc6 3.Bb5 e6 4.b3 Nge7 5.Bb2 a6 6.Bxc6 Nxc6 7.O-O d6 8.d4 cxd4
9.Nxd4 Qf6 10.c4 Be7 11.Qd2 Qg6 12.Nc3 O-O 13.f4 Bd7 14.Rf3 Bf6 15.Nde2 Rfd8
16.Raf1 Qh5 17.Rg3 Kh8 18.Kh1 Qa5 19.Rd3 Be8 20.Rxd6 Be7 21.Rxd8 Rxd8 22.Qe3 Nb4
23.Nc1 Bc5 24.Qe2 Nc6 25.Rd1 Bd4 26.Qf3 b5 27.cxb5 axb5 28.h3 e5 29.f5 f6
30.Kh2 Bxc3 31.Rxd8 Qxd8 32.Qxc3 Qd6 33.Nd3 g6 34.fxg6 hxg6 35.Nc5 Bd7 36.a3 Qd4
37.Qc1 Qf2 38.Qh6+ Kg8 39.Qxg6+ Kf8 40.Bc1 Ke7 41.Qg7+  1-0

[Event "ROM-ch (Women)"]
[Site "ROM"]
[Date "1994.??.??"]
[Round "?"]
[White "Peptan, Corina"]
[Black "Belc Popovici, Daniela"]
[Result "1-0"]
[WhiteElo "2255"]
[BlackElo "2070"]

1.e4 c5 2.Nf3 Nc6 3.Bb5 g6 4.O-O Bg7 5.Re1 Nf6 6.c3 O-O 7.Na3 Qc7 8.h3 d6
9.d4 cxd4 10.cxd4 Nd7 11.Bg5 f6 12.Be3 e5 13.Rc1 Qb8 14.dxe5 Ndxe5 15.Nxe5 Nxe5
16.Nc4 Nf7 17.Bf4 a6 18.Bxd6 Nxd6 19.Nxd6 Be6 20.Bc4 Bxc4 21.Rxc4 b5 22.Qd5+ Kh8
23.Rc6 h5 24.Rec1 Kh7 25.Qe6 Qa7 26.R1c5 Rad8 27.Rc7 Qb6 28.Rxg7+ Kxg7 29.Nf5+  1-0

[Event "ROM-ch (Women)"]
[Site "ROM"]
[Date "1994.??.??"]
[Round "?"]
[White "Peptan, Corina"]
[Black "Ionescu Ilie, Viorica"]
[Result "1-0"]
[WhiteElo "2255"]
[BlackElo "2170"]

1.e4 c5 2.Nf3 Nc6 3.Bb5 g6 4.O-O Bg7 5.c3 e5 6.d4 exd4 7.cxd4 cxd4 8.Na3 Nge7
9.Bf4 O-O 10.Bd6 a6 11.Bd3 b5 12.Nc2 Bb7 13.e5 Re8 14.a4 b4 15.Be4 Qb6 16.Ncxd4 Nc8
17.Bxc6 dxc6 18.a5 Qa7 19.Nb3 Nxd6 20.exd6 Bxb2 21.Ra2 Bc3 22.d7 Red8 23.Qd6 c5
24.Nxc5 Bxf3 25.gxf3 b3 26.Ra4 Bg7 27.Qd5 Bf8 28.Nb7 b2 29.Rf4 Rab8 30.Nxd8  1-0

[Event "ROM-chT"]
[Site "ROM"]
[Date "1994.??.??"]
[Round "?"]
[White "Bach, Adrian"]
[Black "Racasan, Sebastian"]
[Result "1-0"]
[WhiteElo "2340"]
[BlackElo "2210"]

1.e4 c5 2.Nf3 Nc6 3.Bb5 Nb8 4.d4 a6 5.Be2 e6 6.d5 Nf6 7.Nc3 exd5 8.exd5 g6
9.Bf4 d6 10.Qd2 Bg7 11.Qe3+ Kf8 12.Nd2 Bf5 13.O-O b5 14.Qg3 b4 15.Bxd6+ Kg8
16.Na4 Nxd5 17.Bf3 Be6 18.Nxc5 Nc6 19.Nxe6 fxe6 20.Rfe1 Nd4 21.Rxe6 Nf6 22.Be7 Qd7
23.Rxf6 Bxf6 24.Bxf6 Rf8 25.Qe5  1-0

[Event "ROM-chT"]
[Site "ROM"]
[Date "1994.??.??"]
[Round "?"]
[White "Bach, Adrian"]
[Black "Tufa, Mihai"]
[Result "1-0"]
[WhiteElo "2340"]
[BlackElo "2285"]

1.e4 c5 2.Nf3 Nc6 3.Bb5 e6 4.O-O Nge7 5.Re1 a6 6.Bf1 Ng6 7.c3 Be7 8.d4 d6
9.a4 O-O 10.Na3 e5 11.dxc5 dxc5 12.g3 Bg4 13.Qxd8 Rfxd8 14.Kg2 Be6 15.h4 f6
16.Nc4 b5 17.axb5 axb5 18.Rxa8 Rxa8 19.Nb6 Ra5 20.Nd5 Bxd5 21.exd5 Nd8 22.Nd2 Nb7
23.Nb3 Ra6 24.Bxb5 Rb6 25.Ba4 Bd6 26.Nd2 Na5 27.Ne4 Ne7 28.Rd1 f5 29.Nxd6 Rxd6
30.Be3 Nb7 31.b4 cxb4 32.c4 Kf8 33.Rb1 f4 34.gxf4 exf4 35.Bxf4 Rg6+ 36.Bg3 Nd6
37.Rxb4 Rg4 38.Kf3 Rxc4 39.Bxd6  1-0

[Event "ROM-chT"]
[Site "ROM"]
[Date "1994.??.??"]
[Round "?"]
[White "Cozianu, Costin"]
[Black "Bogdan, Dan"]
[Result "1-0"]
[WhiteElo "2295"]
[BlackElo "2290"]

1.e4 c5 2.Nf3 Nc6 3.Bb5 g6 4.O-O Bg7 5.Re1 e5 6.b4 Nd4 7.Bc4 d6 8.c3 Nxf3+
9.Qxf3 Nf6 10.Ba3 Qc7 11.bxc5 dxc5 12.d4 b6 13.dxc5 bxc5 14.Qe3 Nd7 15.Nd2 Bf8
16.Qf3 Nb6 17.Qf6 Rg8 18.Rad1 Bg7 19.Qh4 Nxc4 20.Nxc4 Be6 21.Nd6+ Kf8 22.Nb5 Qe7
23.Bxc5  1-0

[Event "ROM-chT"]
[Site "ROM"]
[Date "1994.??.??"]
[Round "?"]
[White "Dinescu, Adrian"]
[Black "Barbu, Nicolae"]
[Result "1/2-1/2"]
[WhiteElo "2200"]
[BlackElo "2350"]

1.e4 c5 2.Nf3 Nc6 3.Bb5 d6 4.O-O Bg4 5.h3 Bxf3 6.Qxf3 a6 7.Bxc6+ bxc6 8.b3 e5
9.d3 g6 10.Qe2 Bg7 11.Bb2 Nh6 12.f4 f6 13.fxe5 fxe5 14.Nd2 Ra7 15.Nc4 Rf7
16.Rxf7 Nxf7 17.Qg4 Qd7 18.Qe2 O-O 19.Rf1 Bh6 20.Bc1 Bxc1 21.Rxc1 Ng5 22.Rf1 Rxf1+
23.Qxf1 Kg7 24.Qc1 Ne6 25.Qb2 Qe7 26.Qc1 Nf4 27.Qd2 Qg5  1/2-1/2

[Event "ROM-chT"]
[Site "ROM"]
[Date "1994.??.??"]
[Round "?"]
[White "Erhan, Raluca"]
[Black "Jicman, Ligia"]
[Result "0-1"]
[WhiteElo "2095"]
[BlackElo "2185"]

1.e4 c5 2.Nf3 Nc6 3.Bb5 g6 4.d3 Bg7 5.Bxc6 bxc6 6.O-O d6 7.Re1 e5 8.Bg5 Ne7
9.Nbd2 O-O 10.Nf1 f6 11.Bd2 f5 12.exf5 gxf5 13.Bg5 Qe8 14.Nh4 Ng6 15.Ng3 Nxh4
16.Bxh4 Qg6 17.Nh5 Bh6 18.f4 Be6 19.c4 Kh8 20.Be7 Rfe8 21.Bxd6 Bf7 22.Bxe5+ Rxe5
23.Rxe5 Qxh5 24.Qxh5 Bxh5 25.Rxf5 Bg6 26.Rxc5 Rc8 27.g3 Bg7 28.Kg2 Bxb2 29.Rd1 Bd4
30.Ra5 Re8 31.f5 Bb6 32.Ra3 Bxf5 33.Rc3 Re2+ 34.Kh1 Bd4 35.Rcc1 Bh3 36.Rg1 Bf5
37.Rgd1  0-1

[Event "ROM-chT"]
[Site "ROM"]
[Date "1994.??.??"]
[Round "?"]
[White "Gaponenko, Inna"]
[Black "Vasiesiu, Cristina"]
[Result "1-0"]
[WhiteElo "2300"]
[BlackElo "2145"]

1.e4 c5 2.Nf3 Nc6 3.Bb5 e6 4.Bxc6 bxc6 5.b3 d6 6.e5 d5 7.O-O Ne7 8.Nc3 Ng6
9.d3 Be7 10.Na4 O-O 11.Ba3 c4 12.Bxe7 Qxe7 13.dxc4 dxc4 14.Qd6 Qxd6 15.exd6 Rd8
16.Rfd1 Rb8 17.Nc5 Rb5 18.Ne4 e5 19.bxc4 Rb4 20.c3 Rxc4 21.Nfd2 Ra4 22.Nc5 Rf4
23.g3 Rf5 24.d7 Bxd7 25.Nde4 Nf8 26.Rd6 Rh5 27.Rad1 f5 28.Nd2 Kf7 29.Nc4 Ke7
30.Nxe5 Rh6 31.R6d2 Ne6 32.Nxe6 Rxe6 33.Nxd7  1-0

[Event "ROM-chT"]
[Site "ROM"]
[Date "1994.??.??"]
[Round "?"]
[White "Mereacre, Natasa"]
[Black "Baumstark, Gertrude"]
[Result "1/2-1/2"]
[WhiteElo "2115"]
[BlackElo "2135"]

1.e4 c5 2.Nf3 Nc6 3.Bb5 g6 4.Bxc6 dxc6 5.O-O Bg7 6.d3 e5 7.Be3 Qe7 8.Nbd2 Nf6
9.Nc4 Nd7 10.Ne1 O-O 11.f4 f5 12.fxe5 Nxe5 13.Nxe5 Bxe5 14.Nf3 Bxb2 15.Rb1 Bg7
16.Bg5 Qc7 17.exf5 Bxf5 18.d4 cxd4 19.Nxd4 Rad8 20.Bxd8 Rxd8 21.c3 Bxd4+
22.cxd4 Bxb1 23.Qb3+ Kg7 24.Rxb1 Qb6 25.Qxb6 axb6 26.Rxb6 Rd7 27.Kf2 Kf6
28.Kf3 Ke6 29.Ke4 Kd6 30.a4 Kc7 31.Rb2 Re7+ 32.Kd3 Kd6 33.Kc4 Rf7 34.g3 Kc7
35.d5 cxd5+ 36.Kxd5 Rf5+ 37.Kc4 Kc6 38.Re2 Kd7  1/2-1/2

[Event "Romania (Women)"]
[Site "Romania"]
[Date "1994.??.??"]
[Round "?"]
[White "Susterman, Anja"]
[Black "Zatonskih, Anna"]
[Result "1-0"]
[WhiteElo "2215"]
[BlackElo "2135"]

1.e4 c5 2.Nf3 Nc6 3.Bb5 e6 4.O-O Nge7 5.b3 e5 6.c3 Ng6 7.d4 cxd4 8.cxd4 exd4
9.Nxd4 Qb6 10.Bxc6 dxc6 11.Nf5 Bd7 12.Na3 Qd8 13.Nc4 Bxf5 14.exf5 Qxd1 15.Rxd1 Nh4
16.Re1+ Kd7 17.Bg5 Nxf5 18.Rad1+  1-0

[Event "San Martin"]
[Site "San Martin"]
[Date "1994.??.??"]
[Round "7"]
[White "Slipak, Sergio"]
[Black "Hernandez, Roman"]
[Result "1/2-1/2"]
[WhiteElo "2460"]
[BlackElo "2450"]

1.Nf3 c5 2.e4 Nc6 3.Bb5 g6 4.O-O Bg7 5.Bxc6 dxc6 6.d3 Nf6 7.a4 a5 8.Nc3 O-O
9.h3 Nd7 10.Be3 e5 11.Nd2 Qe7 12.Nc4 f6 13.f4 exf4 14.Bxf4 Ne5 15.Bxe5 fxe5
16.Rxf8+ Qxf8 17.Nb6 Rb8 18.Nxc8 Qxc8 19.Qd2 Qd8 20.Qe2 c4 21.Kh1  1/2-1/2

[Event "San Martin"]
[Site "San Martin"]
[Date "1994.??.??"]
[Round "9"]
[White "Zarnicki, Pablo"]
[Black "Larsen, Bent"]
[Result "0-1"]
[WhiteElo "2435"]
[BlackElo "2560"]

1.e4 c5 2.Nf3 Nc6 3.Bb5 e6 4.O-O Nge7 5.c3 a6 6.Ba4 b5 7.Bc2 Bb7 8.d4 cxd4
9.Nxd4 d5 10.Nxc6 Bxc6 11.e5 Ng6 12.Qh5 b4 13.Be3 Qc7 14.Re1 Be7 15.Nd2 Nh4
16.Bg5 bxc3 17.bxc3 Bxg5 18.Qxg5 Ng6 19.Nf3 Qe7 20.Qh5 O-O 21.Rab1 Rfc8 22.Ng5 h6
23.Nxf7 Qxf7 24.Bxg6 Qf4 25.Bc2 Qf7 26.Qh3 Rf8 27.Qe3 Bb5 28.a4 Bc4 29.Rb6 Rac8
30.Reb1 Ba2 31.Rb7 Rc7 32.Rxc7 Qxc7 33.Rb6 Bc4 34.a5 Qf7 35.f3 Rc8 36.Qd4 Bb5
37.Qg4 Rxc3 38.Bg6 Qd7 39.Rxe6 Qc8 40.Kf2 Bd7 41.Bf5 Qc5+ 42.Kg3 Bxe6 43.Bxe6+ Kh8
44.Qg6 Qe7 45.Bg4 Qxe5+ 46.Kh3 Rc7 47.Qxa6 h5 48.Be6 Kh7 49.Qd3+ g6 50.Qxd5 Qxd5
51.Bxd5 Rc5 52.Be4 Rxa5 53.g4 Kh6 54.gxh5 Rxh5+ 55.Kg3 Rg5+ 56.Kh3 Kg7 57.Kh4 Rg2
58.Kh3 Rg1 59.Kh4 Kf6 60.Bd3 Ke5 61.Be4 g5+ 62.Kh5 Kf4 63.h3 Rh1 64.Kg6 Rxh3
65.Bb7 Rh1 66.Bc6  0-1

[Event "Sarospatak op"]
[Site "Sarospatak"]
[Date "1994.??.??"]
[Round "?"]
[White "Tengely, Szabolcs"]
[Black "Manik, Mikulas"]
[Result "0-1"]
[WhiteElo "2165"]
[BlackElo "2345"]

1.e4 c5 2.Nf3 Nc6 3.Bb5 Nf6 4.Nc3 d6 5.O-O Bd7 6.Re1 e6 7.d4 cxd4 8.Nxd4 Qc7
9.Ba4 Be7 10.Ndb5 Qb8 11.Bf4 Ne5 12.Bg5 a6 13.Bxf6 gxf6 14.Nd4 b5 15.Bb3 Qb6
16.Kh1 Rg8 17.h3 O-O-O 18.a4 Kb7 19.axb5 axb5 20.Qd2 Rc8 21.f4 Nc4 22.Bxc4 Rxc4
23.Nb3 Kc7 24.Na5 Rc5 25.b4 Rh5 26.Re3 d5 27.exd5 Bxb4 28.Nb3 Rf5 29.Re4 Bxc3
30.Qxc3+ Kb8 31.dxe6 fxe6 32.Nd4 Qc5 33.Qa3 Kb7 34.Qa2 b4 35.Qa6+ Kc7 36.Nxe6+ Bxe6
37.Rxe6  0-1

[Event "Sarospatak op"]
[Site "Sarospatak"]
[Date "1994.??.??"]
[Round "?"]
[White "Tengely, Szabolcs"]
[Black "Kiss, Pal"]
[Result "1/2-1/2"]
[WhiteElo "2165"]
[BlackElo "2440"]

1.e4 c5 2.Nf3 Nc6 3.Bb5 e6 4.O-O Nge7 5.c3 a6 6.Ba4 b5 7.Bc2 Bb7 8.a4 d5
9.e5 b4 10.d4 bxc3 11.bxc3 cxd4 12.cxd4 Nb4 13.Bb3 Nec6 14.Na3 Na5 15.Rb1 Be7
16.Nc2 Nxb3 17.Rxb3 a5 18.h4 h6 19.Nh2 h5 20.Rg3 g6 21.Bg5 Nc6 22.Nf3 Bxg5
23.Nxg5 Ne7 24.Ne3 Bc6 25.Rf3 Nf5 26.g4 hxg4 27.Nxg4 Rxh4 28.Nf6+ Kf8 29.Rh3 Rxh3
30.Nxh3 Qb6  1/2-1/2

[Event "Sarospatak op"]
[Site "Sarospatak"]
[Date "1994.??.??"]
[Round "?"]
[White "Kotan, Ladislav"]
[Black "Manik, Mikulas"]
[Result "0-1"]
[WhiteElo "2305"]
[BlackElo "2345"]

1.e4 c5 2.Nf3 Nc6 3.Bb5 Nf6 4.Nc3 d6 5.h3 Bd7 6.a4 e6 7.O-O Be7 8.Re1 O-O
9.d4 cxd4 10.Nxd4 Rc8 11.Bxc6 Bxc6 12.Nxc6 Rxc6 13.Be3 Qa5 14.Qd2 Kh8 15.Bd4 Rd8
16.b4 Qxb4 17.Rab1 Qa5 18.Rxb7 Rd7 19.Rb8+ Ng8 20.Rb5 Qa6 21.Reb1 h6 22.Rh5 Bf6
23.Rb8 Kh7 24.Rhb5 Rdc7 25.Rb3 Bxd4 26.Qxd4 e5 27.Qe3 Nf6 28.Nb5 Rd7 29.Qf3 d5
30.Qf5+ g6 31.Qxe5 Re6 32.Nc7 Rxe5 33.Nxa6 Rxe4 34.Rc8 Rxa4 35.Nc5 Ra1+ 36.Kh2 Re7
37.Nd3 g5 38.Rc6 Kg7 39.Rb8 a5 40.Rd8 a4 41.Rdd6 a3 42.Rxf6 a2 43.Nb4 Rh1+
44.Kxh1 a1=Q+ 45.Kh2 Qe5+ 46.g3 Rb7 47.Nd3 Qxf6 48.Rxf6 Kxf6 49.Kg2 Rc7 50.Ne1 Ke5
51.Kf1 f5 52.Ke2 Ke4 53.f3+ Kd4 54.Kd2 Ra7 55.Nd3 Ra1 56.Nc1 Rxc1 57.Kxc1 Ke3
58.Kb2 Kxf3 59.Kc3 Kxg3 60.Kd4 f4  0-1

[Event "Sarospatak op"]
[Site "Sarospatak"]
[Date "1994.??.??"]
[Round "?"]
[White "Kotan, Ladislav"]
[Black "Eberth, Zoltan"]
[Result "1-0"]
[WhiteElo "2305"]
[BlackElo "2235"]

1.e4 c5 2.Nf3 Nc6 3.Bb5 g6 4.Bxc6 bxc6 5.O-O Bg7 6.Re1 Nf6 7.c3 O-O 8.h3 Rb8
9.b3 Ba6 10.d4 cxd4 11.cxd4 d5 12.e5 Ne4 13.Be3 Qa5 14.Nbd2 Bd3 15.Nxe4 dxe4
16.Qd2 Qa3 17.Rec1 Rfd8 18.Ne1 a5 19.Nxd3 exd3 20.Rc3 a4 21.bxa4 Qb2 22.Rd1 Rb4
23.Qxb2 Rxb2 24.Rdxd3 Rxa2 25.Ra3 Rc2 26.Rdc3  1-0

[Event "Sarospatak op"]
[Site "Sarospatak"]
[Date "1994.??.??"]
[Round "?"]
[White "Kiss, Pal"]
[Black "Felegyhazi, Laszlo"]
[Result "0-1"]
[WhiteElo "2440"]
[BlackElo "2290"]

1.e4 c5 2.Nf3 Nc6 3.Bb5 g6 4.O-O Bg7 5.Bxc6 bxc6 6.Re1 e5 7.c3 Ne7 8.d4 cxd4
9.cxd4 exd4 10.Nxd4 O-O 11.Nc3 h6 12.Nb3 d5 13.e5 g5 14.h4 Ng6 15.hxg5 hxg5
16.Qh5 Nxe5 17.Bxg5 Bg4 18.Qh4 Qc8 19.Bf6 Ng6 20.Qg5 Qf5 21.Qxf5 Bxf5 22.Bxg7 Kxg7
23.Nd4 Bd7 24.Na4 Kf6 25.Nc5 Be8 26.Rac1 Nf4 27.Rc3 Ng6 28.Rf3+ Kg7 29.Ra3 Kf6
30.Ra6 Ne7 31.b4 Rg8 32.f3 Rg5 33.b5 Re5 34.Rc1 Rc8 35.f4 Rh5 36.bxc6 Kg7
37.Ncb3 Rc7 38.Na5 Nc8  0-1

[Event "Schwaebisch Gmuend op"]
[Site "Schwaebisch Gmuend"]
[Date "1994.??.??"]
[Round "4"]
[White "Bliumberg, Vladislav"]
[Black "Lanka, Zigurds"]
[Result "1/2-1/2"]
[WhiteElo "2360"]
[BlackElo "2535"]

1.e4 c5 2.Nf3 Nc6 3.Bb5 g6 4.Bxc6 dxc6 5.d3 Bg7 6.Nc3 e5 7.Be3 Qe7 8.h3 Nf6
9.Qd2 Nd7 10.Bh6 f6 11.Nh2 Bxh6 12.Qxh6 Qf8 13.Qe3 Qd6 14.Ne2 b6 15.f4 Bb7
16.Nf3 exf4 17.Qxf4 Qxf4 18.Nxf4 O-O-O 19.O-O-O Rhe8 20.b3  1/2-1/2